Detalles MARC
| 000 -CABECERA |
| fixed length control field |
01000nam a22002897a 4500 |
| 003 - CONTROL NUMBER IDENTIFIER |
| control field |
AR-BeUNQ |
| 005 - FECHA Y HORA DE LA ULTIMA TRANSACCION |
| control field |
20220523154816.0 |
| 008 - ELEMENTOS DE LONGITUD FIJA-INFORMACION GENERAL |
| fixed length control field |
0523b |||||||| |||| 00| 0 spa d |
| 020 ## - NUMERO INTERNACIONAL NORMALIZADO PARA LIBROS |
| Número Internacional Normalizado del libro |
9789871220526 |
| 040 ## - FUENTE DE CATALOGACION |
| Agencia de catalogación original |
AR-BeUNQ |
| Agencia que realiza la transcripción |
AR-BeUNQ |
| Convenciones de la descripción |
aacr |
| 082 05 - NUMERO DE CLASIFICACION DECIMAL DEWEYMBER |
| Número de la edición |
21 |
| Número de clasificación |
576 |
| Número del ítem |
59305 |
| 100 05 - ASIENTO PRINCIPAL-NOMBRE PERSONAL |
| Nombre personal |
Rossi, María Susana. |
| Títulos u otras palabras asociadas al nombre |
aut. |
| Fecha asociada al nombre |
1956 |
| 245 ## - MENCION DE TITULO |
| Título |
Qué es (y qué no es) la evolución : |
| Otra información sobre el título |
El cículo de Darwin |
| Mención de responsabilidad, etc |
Maria Susana Rossi; Luciano Levin |
| Medio físico |
libro |
| 250 ## - MENCION DE EDICION |
| Mención de edición |
1a.ed. |
| Resto de la mención de edición |
2da.reimp |
| 260 ## - PUBLICACION, DISTRIBUCION, ETC. |
| Lugar de publicación, distribución, etc. |
Buenos Aires : |
| Nombre del editor, distribuidor, etc. |
Siglo XXI, |
| Fecha de publicación, distribución, etc |
2008. |
| 300 ## - DESCRIPCION FISICA |
| Extensión |
136 p. ; |
| Otros detalles físicos |
il. ; |
| Dimensiones |
19cm. |
| 490 05 - MENCION DE SERIE |
| Mención de serie |
Ciencia que ladra..dirigida por Diego Golombek |
| 504 ## - NOTA DE BIBLIOGRAFIA, ETC. |
| Nota de bibliografía, etc. |
Contiene una bibliografía comentada sobre la Teoría de la evolución de Darwin. |
| 600 ## - ASIENTO SECUNDARIO DE MATERIA - NOMBRE PERSONAL |
| Nombre personal |
Teoría de la evolución |
| Fechas asociadas con el nombre |
siglo XIX |
| 610 ## - ASIENTO SECUNDARIO DE MATERIA - NOMBRE CORPORATIVO |
| Nombre corporativo o nombre de la jurisdicción como elemento de entrada |
Biología |
| 650 ## - ASIENTO SECUNDARIO DE MATERIA - TERMINO TEMATICO |
| Término temático o nombre geográfico como elemento de entrada |
Ciencias Naturales |
| Fuente del encabezamiento o términ |
spines |
| 651 05 - ASIENTO SECUNDARIO DE MATERIA - NOMBRE GEOGRAFICO |
| Nombre geográfico |
Argentina |
| Fuente del encabezamiento o término |
tell |
| 700 ## - ASIENTO SECUNDARIO - NOMBRE DE PERSONA |
| Personal name |
Levín, Luciano |
| Relator term |
coaut. |
| 830 ## - ASIENTO SECUNDARIO DE SERIE--TITULO UNIFORME |
| Designación numérica/secuencial del volumen |
Ciencia que ladra |
| 929 ## - DATOS DE ADQUISICION |
| Procedencia |
DONACION |
| Proveedor |
Diego Golombek |
| 942 ## - ELEMENTOS DE PUNTO DE ACCESO ADICIONAL (KOHA) |
| Tipo de ítem Koha |
Libros |